Datum a čas kvízu
28
Celkem bodů
Celkový počet nahraných bodů na tomto kvízu bez doplňovacích otázek.
5.
Pořadí na kvízu
Konečné umístění týmu na tomto kvízu.
Zaznamenané odpovědi
| # | Otázka | Odpověď | Body | Výsledky |
|---|---|---|---|---|
| 1. | Minulý týden byli jmenováni dv... | D | 0 | |
| 2. | Malajsie a Indonésie se jako p... | Grok | 1 | |
| 3. | Jakub Hrůša získal minulý týde... | dirigent (hudební ředitel) | 1 | |
| 4. | První vydání jistého komiksu b... | Superman | 1 | |
| 5. | Stáj formule 1 Red Bull minulý... | Martin Šonka | 0 | |
| 6. | Vaším úkolem v tématu bude odh... | červenou, bílou | 1 | |
| 7. | Teď se podíváme na domácí fotb... | tři | 0 | |
| 8. | Pojďme na hokej. Olomoucký koh... | červenou | 0 | |
| 9. | Na základě zobrazených barev l... | New York Knicks | 1 | |
| 10. | Které americké město oslavuje... | Pittsburgh | 1 |